000 00415 a2200121 4500
001 ART_12598
005 20260410161907.0
008 260409a
245 1 0 _aA synthesis of Keynesian, monetary, and portfolio approaches to flexible exchanges rates
100 1 _aHelliwell, John F.
700 1 _aGylfason, Thorvaldur
773 0 _tThe Economic Journal
_g- Vol. 93, NÂș 372 (dic. 1983)
_wREV12512
999 _c26493
_d26493